| 000 | 01583nam a2200361 a 4500 | ||
|---|---|---|---|
| 001 | 24754 | ||
| 003 | BD-RjUL | ||
| 005 | 20211209001108.0 | ||
| 008 | 140315t1952 enk 001 0 eng d | ||
| 035 | _a(BD-RjUL)24823 | ||
| 040 |
_aDLC _beng _cDLC _dBD-RjUL |
||
| 041 | 1 |
_aeng _hfre |
|
| 082 | 0 | 4 |
_a942.082 _bHAR 1952 |
| 100 | 1 |
_aHalévy, Elie, _d1870-1937. _976195 |
|
| 245 | 1 | 4 |
_aThe rule of democracy, 1905-1914 / _cby Élie Halévy ; translated from the French by E.I. Watkin. |
| 250 | _a2nd (rev.) ed. | ||
| 260 |
_aLondon : _bBenn, _c1952. |
||
| 300 |
_a (686 p.) ; _c22 cm. |
||
| 490 | 1 |
_aHistory of the English people in the nineteenth century ; _v6 |
|
| 500 | _aVols. 5 & 6 of the series comprise the second edition of the two volumes of the Epilogue. | ||
| 500 | _aTranslation of: Histoire du peuple anglais au XIXe siècle. Épilogue (1895-1914). 2. Vers la démocratie sociale et vers la guerre (1905-1914). | ||
| 500 | _aFirst paperback edition 1961. | ||
| 504 | _aincludes index. | ||
| 651 | 0 |
_aGreat Britain _xForeign relations _y1901-1910. _976196 |
|
| 651 | 0 |
_aGreat Britain _xForeign relations _y1910-1936. _976197 |
|
| 651 | 0 |
_aGreat Britain _xPolitics and government _y1901-1910. _976198 |
|
| 651 | 0 |
_aGreat Britain _xPolitics and government _y1910-1936. _97222 |
|
| 651 | 0 |
_aGreat Britain _xHistory _yEdward VII, 1901-1910. _973217 |
|
| 651 | 0 |
_aGreat Britain _xHistory _yGeorge V, 1910-1936. _976199 |
|
| 700 | 1 |
_aWatkin, E. I. _q(Edward Ingram), _d1888-1981 . _94128 |
|
| 942 |
_2ddc _cBK |
||
| 999 |
_c24754 _d24754 |
||